Куратор - важная фигура в ТПУ; Томский Политехнический в прошлом, настоящем, будущем

Библиографические подробности
Источник:Томский Политехнический в прошлом, настоящем, будущем.— 2005.— С. 96-99
Главный автор: Никифорова О. А. Ольга Александровна
Язык:русский
Опубликовано: 2005
Предметы:
Формат: MixedMaterials Статья
Запись в KOHA:https://koha.lib.tpu.ru/cgi-bin/koha/opac-detail.pl?biblionumber=259438

MARC

LEADER 00000naa2a2200000 4500
001 259438
005 20231031220640.0
035 |a (RuTPU)RU\TPU\book\282381 
035 |a RU\TPU\book\220898 
090 |a 259438 
100 |a 20140508d2005 k y0rusy50 ca 
101 0 |a rus 
102 |a RU 
200 1 |a Куратор - важная фигура в ТПУ  |f О. А. Никифорова 
463 0 |0 (RuTPU)RU\TPU\book\91599  |t Томский Политехнический в прошлом, настоящем, будущем  |o сборник статей  |f Томский политехнический университет; под ред. М. Г. Николаева; фот. Ю. С. Горчаков  |v С. 96-99  |e 2-е изд.  |d 2005  |p 188 с. 
610 1 |a труды учёных ТПУ 
700 1 |a Никифорова  |b О. А.  |c специалист в области социальной работы  |c руководитель Центра социальной работы Томского политехнического университета  |f 1960-  |g Ольга Александровна  |2 stltpush  |3 (RuTPU)RU\TPU\pers\25943 
801 1 |a RU  |b 63413507  |c 20111018 
801 2 |a RU  |b 63413507  |c 20140508  |g RCR 
942 |c BK